| 000 | 01357nam a2200337 4500 | ||
|---|---|---|---|
| 999 |
_c9051 _d9051 |
||
| 001 | 446777 | ||
| 003 | OCoLC | ||
| 005 | 20241126110704.0 | ||
| 008 | 720918r19721904miua bd 000 0 eng | ||
| 010 | _a73155436 | ||
| 035 | _a.b13029575 | ||
| 035 | _a1429073 | ||
| 040 |
_dUtOrBLW _cGBC |
||
| 050 |
_aBR95 _b.W7 1972 |
||
| 050 | 0 |
_aBR95 _b.W7 1972 |
|
| 050 | 0 | 0 |
_aBR95 _b.W7 1972 |
| 082 |
_a280.403 _bPRO |
||
| 100 | 1 |
_aWright, Charles H. H. _q(Charles Henry Hamilton), _d1836-1909, _eeditor. _0http://id.loc.gov/authorities/names/n88614388 _915800 |
|
| 245 | 1 | 2 |
_aA Protestant dictionary : _bcontaining articles on the history, doctrines, and practices of the Christian Church / _cedited by Charles H. H. Wright and Charles Neil. London, Hodder and Stoughton, 1904 |
| 264 | 1 |
_aDetroit : _bGale Research Co., _c1972 |
|
| 300 |
_axv, 832 pages : _billustrations ; _c23 cm |
||
| 336 |
_atext _btxt _2rdacontent |
||
| 337 |
_aunmediated _bn _2rdamedia |
||
| 338 |
_avolume _bnc _2rdacarrier |
||
| 504 | _aIncludes bibliographical references | ||
| 610 | 2 | 0 |
_aCatholic Church _vControversial literature _xProtestant authors _915801 |
| 650 | 0 |
_aTheology _vDictionaries. _0http://id.loc.gov/authorities/subjects/sh85134679 _91723 |
|
| 650 | 0 |
_aProtestantism _vDictionaries _915802 |
|
| 700 | 1 |
_aNeil, Charles, _d1841- _tProtestant dictionary _915803 |
|
| 942 |
_2ddc _cREF |
||